| 000 | 00376nam a2200157Ia 4500 | ||
|---|---|---|---|
| 008 | 230524s9999 xx 000 0 und d | ||
| 082 |
_a530 _bSAK |
||
| 100 |
_aJ.J.Sakurai _925079 |
||
| 245 | 0 | _aAdvanced Quantum Mechanics | |
| 250 | _a1ST | ||
| 260 |
_aNEW DELHI _bPearson _c2008 |
||
| 300 | _aXVI;1209 | ||
| 500 | _aQuantity Number: 1 | ||
| 650 | _aPhysics | ||
| 942 | _cBK | ||
| 999 |
_c37125 _d37125 |
||